Multiple Choice Questions in Mechanical Engineering (Engineering Examination Review) (Record no. 71536)
[ view plain ]
| 000 -LEADER | |
|---|---|
| fixed length control field | 00741nam a22002057a 4500 |
| 003 - CONTROL NUMBER IDENTIFIER | |
| control field | NUST - PNEC |
| 005 - DATE AND TIME OF LATEST TRANSACTION | |
| control field | 20170116181203.0 |
| 008 - FIXED-LENGTH DATA ELEMENTS--GENERAL INFORMATION | |
| fixed length control field | 160219b xxu||||| |||| 00| 0 eng d |
| 020 ## - INTERNATIONAL STANDARD BOOK NUMBER | |
| International Standard Book Number | 9789350141502 |
| 020 ## - INTERNATIONAL STANDARD BOOK NUMBER | |
| International Standard Book Number | 818845821X |
| 040 ## - CATALOGING SOURCE | |
| Transcribing agency | LIBRARY |
| 082 ## - DEWEY DECIMAL CLASSIFICATION NUMBER | |
| Classification number | 621 KUM |
| 100 ## - MAIN ENTRY--PERSONAL NAME | |
| 9 (RLIN) | 16530 |
| Personal name | Kumar, D S. |
| 245 ## - TITLE STATEMENT | |
| Title | Multiple Choice Questions in Mechanical Engineering (Engineering Examination Review) |
| Statement of responsibility, etc. | D.S. Kumar |
| 260 ## - PUBLICATION, DISTRIBUTION, ETC. | |
| Place of publication, distribution, etc. | New Delhi |
| Name of publisher, distributor, etc. | S.K. Kataria & Sons |
| Date of publication, distribution, etc. | c.2014 |
| 300 ## - PHYSICAL DESCRIPTION | |
| Extent | Various Pages |
| 650 ## - SUBJECT ADDED ENTRY--TOPICAL TERM | |
| 9 (RLIN) | 16531 |
| Topical term or geographic name entry element | Mechanical engineering |
| General subdivision | ME |
| 856 ## - ELECTRONIC LOCATION AND ACCESS | |
| Uniform Resource Identifier | <a href="http://www.amazon.com/Mechanical-Engineering-Objective-Type-Kumar/dp/9350141507/ref=sr_1_1?s=books&ie=UTF8&qid=1455855282&sr=1-1&keywords=9789350141502">http://www.amazon.com/Mechanical-Engineering-Objective-Type-Kumar/dp/9350141507/ref=sr_1_1?s=books&ie=UTF8&qid=1455855282&sr=1-1&keywords=9789350141502</a> |
| 942 ## - ADDED ENTRY ELEMENTS (KOHA) | |
| Source of classification or shelving scheme | |
| Koha item type | Book |
| Withdrawn status | Lost status | Source of classification or shelving scheme | Damaged status | Not for loan | Permanent Location | Current Location | Shelving location | Date acquired | Source of acquisition | Cost, normal purchase price | Total Checkouts | Full call number | Barcode | Date last seen | Cost, replacement price | Price effective from | Koha item type |
|---|---|---|---|---|---|---|---|---|---|---|---|---|---|---|---|---|---|
| Pakistan Navy Engineering College (PNEC) | Pakistan Navy Engineering College (PNEC) | 12/03/2015 | Royal Book Company / Lib Grant | 741.00 | 621 KUM | PNECLIB-032544 | 02/19/2016 | 741.00 | 12/03/2015 | Book |
